|
|
|
|
| LEADER |
00000nam0a2200000 4500 |
| 001 |
334999 |
| 005 |
20231102004718.0 |
| 035 |
|
|
|a (RuTPU)RU\TPU\book\361322
|
| 090 |
|
|
|a 334999
|
| 100 |
|
|
|a 20170912d1969 k y0rusy50 ca
|
| 101 |
0 |
|
|a rus
|
| 102 |
|
|
|a RU
|
| 105 |
|
|
|a a z 001zy
|
| 200 |
1 |
|
|a Определение состава и константы диссоциации интерметаллического соединения в жидкой индиевой амальгаме
|e [отдельный оттиск]
|f Л. Ф. Козин, М. Б. Дергачева
|g Академия наук СССР (АН СССР)
|
| 210 |
|
|
|a Москва
|c Изд-во АН СССР
|d 1969
|
| 215 |
|
|
|a 3 с.
|c ил.
|
| 225 |
1 |
|
|a Журнал физической химии
|v Т. 43, вып. 1
|
| 320 |
|
|
|a Библиогр. в конце ст.
|
| 606 |
1 |
|
|a Амальгамы
|x Химия
|2 stltpush
|3 (RuTPU)RU\TPU\subj\21981
|9 46882
|
| 610 |
1 |
|
|a оттиски
|
| 610 |
1 |
|
|a библиотека А. Г. Стромберга
|
| 610 |
1 |
|
|a интерметаллические соединения
|
| 610 |
1 |
|
|a диссоциация
|
| 610 |
1 |
|
|a состав
|
| 610 |
1 |
|
|a эксперименты
|
| 610 |
1 |
|
|a графики
|
| 610 |
1 |
|
|a таблицы
|
| 675 |
|
|
|a 669.79
|v 4
|
| 700 |
|
1 |
|a Козин
|b Л. Ф.
|
| 701 |
|
1 |
|a Дергачева
|b М. Б.
|
| 712 |
0 |
2 |
|a Академия наук СССР (АН СССР)
|c (Ленинград/Москва)
|c (1925-1991)
|2 stltpush
|3 (RuTPU)RU\TPU\col\722
|
| 801 |
|
1 |
|a RU
|b 63413507
|c 20170912
|
| 801 |
|
2 |
|a RU
|b 63413507
|c 20171207
|g RCR
|
| 942 |
|
|
|c BK
|